000 00542nam a22002057a 4500
999 _c6259
_d6259
003 OSt
005 20260215020002.0
008 190828b ||||| |||| 00| 0 eng d
020 _a9781260122404
040 _cDNLM
082 _aQT4 G155b 2019
100 _aBarett, Kim E. [et..al].
_912871
245 _aGanong's Review of Medical Physiology
250 _a26th ed.
260 _aNew York;
_bLange,
_c2019
300 _aix,742p;
_bcol.ill:
_c28cm
504 _aIndex included
650 _aMedical physiology
_9800
942 _2z
_cB_BANK
_01